000 01295nam a22003617a 4500
003 CHAP
005 20220329141246.0
008 971010s1969 r 00010 d
010 _a65297
011 _a66269
035 _a74289
040 _cCHAP
090 _aTesis
100 0 0 _aSilva Rodríguez, Pablo.
_9106040
245 _aLineamientos básicos para la operación del vaso Venustiano Carranza del Distrito de Riego 04 Don Martín, Coah. y N. L.
260 _aChapingo, Méx. :
_bEl autor,
_c1969
300 _a118 h.
_b: ilus.
502 _aTesis (Ing. Agr. Esp. en Irrigación) -- ENA. Departamento de Irrigación
590 _aALEPH
_b10
_c20130110
_lUCH01
_h1355
590 _aBATCH-UPD
_b10
_c20130110
_lUCH01
_h2240
590 _aBATCH-UPD
_b10
_c20130409
_lUCH01
_h2235
590 _aBATCH-UPD
_b10
_c20130410
_lUCH01
_h1535
590 _aBATCH-UPD
_b10
_c20130914
_lUCH01
_h1208
590 _aCONVERSION
_b10
_c20130109
_lUCH01
_h1336
650 1 4 _aDistrito de Riego Don Martín, Coah. y N.L.
_932885
650 1 4 _aIrrigación
_xNuevo León.
_960438
901 _aBK
942 _cFOLL
949 _bBC
_cTES
_d-139377
_eTS1
_i74289
_si
949 _bBC
_cTES
_d-139378
_eTS2
_fc.2
_i74289
_si
949 _bI
_cTESBD
_d-7153
_eTS1
_h548
_i74289
_si
949 _bS
_cTESBD
_d-28462
_eTS1
_i74289
_si
999 _c65297
_d65297